000 00415nam a22001697a 4500
003 MPLRDC
005 20220104164719.0
008 210129b ||||| |||| 00| 0 eng d
020 _a967-978-068-6
082 _a782.886 MONG
100 _aTAN SRI LEE SIOW MONG
245 _aWORDS CANNOT EQUAL EXPERIENCE
_c
260 _a
_bPELANDUK PUBLICATIONS
_c
300 _b
650 _a
942 _cBK
_o782.886 MONG
999 _c57112
_d57102